[Event "Nationale I"]
[Site "Issy les Moulineaux"]
[Date "2012.01.14"]
[Round "6.6"]
[White "Geffroy, Laurent"]
[Black "Barbini, Denis"]
[Result "1-0"]
[WhiteElo "2235"]
[BlackElo "2125"]
[PlyCount "86"]
[EventDate "2012.01.14"]
[EventType "match"]
[EventCountry "FRA"]
[SourceDate "2011.11.20"]
[WhiteTeam "Issy Moulineaux"]
[BlackTeam "Lisieux"]

1. d4 d5 2. Nf3 Nf6 3. c4 c6 4. Nc3 e6 5. e3 Nbd7 6. Bd3 dxc4 7. Bxc4 b5 8. Bd3
a6 9. e4 c5 10. d5 c4 11. Bc2 Qc7 12. O-O Bd6 13. g3 e5 14. Qe2 Nc5 15. Nh4 Bh3
16. Ng2 h5 17. Re1 Qd7 18. Nh4 g6 19. a4 b4 20. Nd1 Rc8 21. Ne3 b3 22. Bb1 c3
23. bxc3 Nxa4 24. Qxa6 Nc5 25. Qe2 Ncxe4 26. Bxe4 Nxe4 27. Nc4 Nxc3 28. Nxd6+
Qxd6 29. Qxe5+ Qxe5 30. Rxe5+ Kd7 31. Ra7+ Rc7 32. Re7+ Kxe7 33. Rxc7+ Kd6 34.
Rxc3 g5 35. Nf3 g4 36. Ng5 Re8 37. Nxh3 Re1+ 38. Kg2 gxh3+ 39. Kxh3 Kxd5 40.
Rxb3 Rxc1 41. Rb5+ Ke4 42. Rxh5 f5 43. f3+ Ke5 1-0

[Event "Nationale I"]
[Site "Issy les Moulineaux"]
[Date "2012.01.14"]
[Round "6.7"]
[White "Rodon, Gurvan"]
[Black "Emmenecker, Philippe"]
[Result "0-1"]
[WhiteElo "2009"]
[BlackElo "2197"]
[PlyCount "78"]
[EventDate "2012.01.14"]
[EventType "match"]
[EventCountry "FRA"]
[SourceDate "2011.11.20"]
[WhiteTeam "Lisieux"]
[BlackTeam "Issy Moulineaux"]

1. d4 Nf6 2. c4 g6 3. Nc3 Bg7 4. e4 d6 5. f3 O-O 6. Bg5 c5 7. d5 h6 8. Be3 e6
9. Qd2 exd5 10. cxd5 Bd7 11. Nge2 b5 12. Ng3 b4 13. Nd1 h5 14. Bc4 Re8 15. O-O
a6 16. a4 Bc8 17. Rc1 Nbd7 18. b3 Ne5 19. Be2 Nh7 20. Nh1 f5 21. Nhf2 Rf8 22.
f4 Ng4 23. Nxg4 hxg4 24. e5 dxe5 25. Bxc5 Re8 26. Bxb4 exf4 27. Bc4 Ng5 28. Nf2
g3 29. Nd3 Bd4+ 30. Kh1 Be3 31. Qc3 Ne4 32. Qb2 gxh2 33. Nxf4 Qh4 34. Nh3 Ng3+
35. Kxh2 Nxf1+ 36. Rxf1 f4 37. d6+ Kh7 38. Be1 Qh5 39. Qc2 Bf5 0-1

[Event "Nationale I"]
[Site "Issy les Moulineaux"]
[Date "2012.01.14"]
[Round "6.8"]
[White "Esposito, Marie Christine"]
[Black "Marchadour, Emilie"]
[Result "1-0"]
[WhiteElo "2087"]
[BlackElo "2015"]
[PlyCount "71"]
[EventDate "2012.01.14"]
[EventType "match"]
[EventCountry "FRA"]
[SourceDate "2011.11.20"]
[WhiteTeam "Issy Moulineaux"]
[BlackTeam "Lisieux"]

1. d4 e6 2. Nf3 c5 3. c3 d5 4. Bf4 Nf6 5. e3 Bd6 6. Bg3 Bxg3 7. hxg3 Qd6 8.
Nbd2 Nc6 9. Qc2 e5 10. dxe5 Nxe5 11. Nxe5 Qxe5 12. Nf3 Qe7 13. Be2 Bd7 14. O-O
O-O 15. c4 dxc4 16. Bxc4 b5 17. Be2 a6 18. Rac1 Rac8 19. Rfd1 Rfd8 20. a4 c4
21. Nd4 Ne4 22. Bf3 f5 23. axb5 axb5 24. g4 g6 25. gxf5 gxf5 26. Ra1 b4 27. Ra7
b3 28. Qe2 Qc5 29. Rda1 Ng5 30. R1a5 Nxf3+ 31. Qxf3 Qb6 32. Qd5+ Be6 33. Qxe6+
Qxe6 34. Nxe6 c3 35. Rg7+ Kh8 36. Raa7 1-0

[Event "Nationale I"]
[Site "Clichy"]
[Date "2012.01.15"]
[Round "7.1"]
[White "Lagarde, Maxime"]
[Black "Coursaget, Nicolas"]
[Result "1-0"]
[WhiteElo "2483"]
[BlackElo "2311"]
[PlyCount "45"]
[EventDate "2012.01.15"]
[EventType "match"]
[EventCountry "FRA"]
[SourceDate "2011.11.20"]
[WhiteTeam "Clichy"]
[BlackTeam "Lisieux"]

1. e4 Nf6 2. e5 Nd5 3. d4 d6 4. Nf3 Bg4 5. Be2 c6 6. O-O Bxf3 7. Bxf3 dxe5 8.
dxe5 e6 9. Qe2 Nd7 10. c4 Ne7 11. Nc3 Ng6 12. Bh5 Ndxe5 13. f4 Bc5+ 14. Kh1 Nd3
15. f5 Qd4 16. Ne4 Nge5 17. fxe6 O-O 18. Nxc5 Nxc1 19. exf7+ Nxf7 20. Qe6 Rae8
21. Bxf7+ Kh8 22. Raxc1 Rxe6 23. Nxe6 1-0

[Event "Nationale I"]
[Site "Clichy"]
[Date "2012.01.15"]
[Round "7.2"]
[White "Colin, Vincent"]
[Black "Mullon, Jean Baptiste"]
[Result "0-1"]
[WhiteElo "2412"]
[BlackElo "2412"]
[PlyCount "142"]
[EventDate "2012.01.15"]
[EventType "match"]
[EventCountry "FRA"]
[SourceDate "2011.11.20"]
[WhiteTeam "Lisieux"]
[BlackTeam "Clichy"]

1. c4 e5 2. g3 Nf6 3. Bg2 d5 4. cxd5 Nxd5 5. Nf3 Nc6 6. O-O Be7 7. Nc3 Nb6 8.
a3 O-O 9. b4 Be6 10. d3 f6 11. Bb2 a5 12. b5 Nd4 13. Nd2 Rb8 14. e3 Nf5 15.
Nde4 Bf7 16. Rc1 Nd6 17. Nc5 Qe8 18. a4 c6 19. bxc6 bxc6 20. Na6 Rb7 21. Ba3
Ra7 22. Nc5 Nd5 23. Bh3 f5 24. e4 Nb4 25. Nb1 Bg5 26. f4 Bh6 27. Qe1 fxe4 28.
dxe4 Re7 29. Bxb4 axb4 30. Qxb4 exf4 31. Nd7 Rxd7 32. Bxd7 Qxd7 33. Rcd1 Qa7+
34. Qd4 Qxd4+ 35. Rxd4 Nc4 36. gxf4 Be6 37. Rc1 Ne5 38. Rd6 Bxf4 39. Rxe6 Nf3+
40. Kg2 Bxc1 41. Rxc6 Bb2 42. Nc3 Ne5 43. Rc7 Bxc3 44. Rxc3 Ra8 45. Rc5 Nd3 46.
Rc3 Nb2 47. Kf3 Nxa4 48. Rc7 Rf8+ 49. Ke3 Nb6 50. h4 Rf7 51. Rc1 Nd7 52. Rg1
Re7 53. Kd4 Ne5 54. Rg3 Kf7 55. h5 Kf6 56. Ke3 Nf7 57. Rf3+ Ke6 58. Rg3 Ne5 59.
Rg1 Ra7 60. Rb1 Ra3+ 61. Ke2 Rh3 62. Rg1 Kf6 63. Rf1+ Ke7 64. Rg1 Kf8 65. Rf1+
Nf7 66. Rf5 h6 67. Ra5 Ng5 68. e5 Rxh5 69. Ke3 Rh4 70. Ra8+ Kf7 71. Ra7+ Kg6
0-1

[Event "Nationale I"]
[Site "Clichy"]
[Date "2012.01.15"]
[Round "7.3"]
[White "Beudaert, Xavier"]
[Black "Marie, Maxime"]
[Result "1/2-1/2"]
[WhiteElo "2333"]
[BlackElo "2140"]
[PlyCount "108"]
[EventDate "2012.01.15"]
[EventType "match"]
[EventCountry "FRA"]
[SourceDate "2011.11.20"]
[WhiteTeam "Clichy"]
[BlackTeam "Lisieux"]

1. e4 c5 2. Nf3 Nc6 3. d4 cxd4 4. Nxd4 Nf6 5. Nc3 e5 6. Ndb5 d6 7. a4 a6 8. Na3
Be7 9. Bc4 Bg4 10. f3 Be6 11. Be3 Rc8 12. Bd5 Bxd5 13. Nxd5 Nxd5 14. Qxd5 Bg5
15. Bxg5 Qxg5 16. O-O O-O 17. Rf2 Nd4 18. c3 Ne6 19. Nc2 Nf4 20. Qd2 Rfd8 21.
Nb4 f5 22. Nd5 fxe4 23. Nxf4 Qxf4 24. Qxf4 exf4 25. fxe4 Rc4 26. Rxf4 d5 27.
Rd1 Rxa4 28. Kf2 h6 29. Kg3 g5 30. Rg4 Ra2 31. Rd2 Rc8 32. exd5 Rxc3+ 33. Kf2
Rb3 34. h4 Rbxb2 35. Rxb2 Rxb2+ 36. Ke3 Kf7 37. hxg5 hxg5 38. Rxg5 Kf6 39. Rg3
Ke5 40. Rg5+ Kd6 41. Kd3 Kc5 42. g4 Rg2 43. Rg7 b5 44. d6 Kxd6 45. Rg6+ Kc5 46.
Rxa6 Rxg4 47. Kc3 Rg3+ 48. Kb2 Kb4 49. Rh6 Rg2+ 50. Kb1 Kb3 51. Rh3+ Ka4 52.
Rh4+ b4 53. Rh3 b3 54. Rh8 Rg1+ 1/2-1/2

[Event "Nationale I"]
[Site "Clichy"]
[Date "2012.01.15"]
[Round "7.4"]
[White "Barbini, Denis"]
[Black "Sorbe, Stephane"]
[Result "0-1"]
[WhiteElo "2125"]
[BlackElo "2349"]
[PlyCount "108"]
[EventDate "2012.01.15"]
[EventType "match"]
[EventCountry "FRA"]
[SourceDate "2011.11.20"]
[WhiteTeam "Lisieux"]
[BlackTeam "Clichy"]

1. e4 c6 2. d4 d5 3. e5 Bf5 4. Nf3 e6 5. Be2 c5 6. O-O Nc6 7. Be3 Qb6 8. Nc3 c4
9. b3 Qa5 10. Na4 b5 11. Nc5 Bxc5 12. dxc5 Qa3 13. Nh4 Nge7 14. g4 Bg6 15. f4
Be4 16. Bf3 Bxf3 17. Nxf3 h5 18. h3 hxg4 19. hxg4 O-O-O 20. c3 Rh3 21. Qc1 Qxc1
22. Raxc1 Rg3+ 23. Kf2 Rxg4 24. Ng5 Rf8 25. Rg1 Rxg1 26. Rxg1 Nf5 27. Rh1 Kd7
28. bxc4 bxc4 29. Rb1 Kc7 30. Rh1 Na5 31. Kf3 Kc6 32. Bf2 Nb7 33. Rb1 Nh6 34.
Rb4 Re8 35. a4 Re7 36. Rb5 Nf5 37. Kg4 Nh6+ 38. Kh3 Nd8 39. Nf3 Nf5 40. Bh4
Nxh4 41. Nd4+ Kc7 42. Kxh4 Nc6 43. Nc2 Re8 44. Rb1 Rb8 45. Rg1 g6 46. Kg5 Rb3
47. Rg3 d4 48. Kf6 d3 49. Ne3 Rxc3 50. Kxf7 d2 51. Rg2 Rxe3 52. Rxd2 c3 53. Rd1
c2 54. Rc1 Nd4 0-1

[Event "Nationale I"]
[Site "Clichy"]
[Date "2012.01.15"]
[Round "7.5"]
[White "Kambrath, Yannick"]
[Black "Le Borgne, Pierre"]
[Result "1-0"]
[WhiteElo "2217"]
[BlackElo "2201"]
[PlyCount "97"]
[EventDate "2012.01.15"]
[EventType "match"]
[EventCountry "FRA"]
[SourceDate "2011.11.20"]
[WhiteTeam "Clichy"]
[BlackTeam "Lisieux"]

1. d4 d6 2. Nf3 f5 3. g3 Nf6 4. Bg2 g6 5. O-O Bg7 6. c4 O-O 7. Nc3 Qe8 8. d5 a5
9. Rb1 Na6 10. a3 Nc5 11. b4 axb4 12. axb4 Nfe4 13. Nb5 Na6 14. Bb2 Bxb2 15.
Rxb2 e5 16. dxe6 Bxe6 17. Qc2 c6 18. Nbd4 Bf7 19. Nd2 Qe5 20. Nxe4 Qxd4 21. Rd1
Qxc4 22. Qxc4 Bxc4 23. Nxd6 Rad8 24. Rbd2 Be6 25. Rd4 Rb8 26. b5 cxb5 27. Nxb5
$11 Nc5 28. Nc7 Bf7 29. Nd5 Kg7 30. Nb6 Rfe8 31. Kf1 Re7 32. Nd7 Rc8 33. Bf3
Nb3 34. Rb4 Rc2 35. Rxb7 Nd2+ 36. Kg2 Nxf3 37. exf3 Ree2 38. Rf1 Bd5 39. Ra7
Re7 40. Rd1 Bc6 41. h4 Rc3 42. Kf1 Bxf3 43. Re1 Bg2+ 44. Kxg2 Rxe1 45. Nb6+ Kf8
46. Rxh7 Re2 47. Nd7+ Ke8 48. Nf6+ Kd8 49. Rh8+ 1-0

[Event "Nationale I"]
[Site "Clichy"]
[Date "2012.01.15"]
[Round "7.6"]
[White "Decosse, Jean Fabien"]
[Black "Daurelle, Herve"]
[Result "1-0"]
[WhiteElo "2203"]
[BlackElo "2148"]
[PlyCount "113"]
[EventDate "2012.01.15"]
[EventType "match"]
[EventCountry "FRA"]
[SourceDate "2011.11.20"]
[WhiteTeam "Lisieux"]
[BlackTeam "Clichy"]

1. d4 Nf6 2. c4 e6 3. Nc3 c5 4. d5 exd5 5. cxd5 d6 6. e4 g6 7. f3 Bg7 8. Bg5
O-O 9. Qd2 Re8 10. a4 Na6 11. Nge2 Nb4 12. Nc1 h6 13. Be3 Bd7 14. Be2 Rc8 15.
O-O Kh7 16. Bf4 Qe7 17. Nb5 Bxb5 18. Bxb5 Nd7 19. Na2 Nxa2 20. Rxa2 a6 21. Bc4
Rb8 22. a5 Ne5 23. b3 g5 24. Bg3 Ng6 25. Bf2 Be5 26. g3 Qf6 27. Be3 Bc3 28. Qf2
Qd8 29. Bd3 Ne5 30. Bb1 Kh8 31. Qc2 Bd4 32. Bxd4 cxd4 33. Qd2 Qf6 34. Kg2 Nd7
35. Rd1 Nc5 36. Rf1 Nd7 37. Rd1 Ne5 38. f4 gxf4 39. Qxf4 Qg7 40. Rxd4 Rbc8 41.
Rb4 Re7 42. Rf2 Rc3 43. Rb6 Rd7 44. Qf5 Rcc7 45. Kh3 Kg8 46. Bc2 Rd8 47. Bd1
Nd3 48. Rf3 Ne5 49. Rf4 Ng6 50. Rf2 Re7 51. Bh5 Re5 52. Qf3 Rd7 53. Bg4 Rd8 54.
Rxb7 h5 55. Be6 Rf8 56. Rxf7 Rxf7 57. Bxf7+ 1-0

[Event "Nationale I"]
[Site "Clichy"]
[Date "2012.01.15"]
[Round "7.7"]
[White "Coste, Thierry"]
[Black "Marchadour, Emilie"]
[Result "0-1"]
[WhiteElo "2158"]
[BlackElo "2015"]
[PlyCount "136"]
[EventDate "2012.01.15"]
[EventType "match"]
[EventCountry "FRA"]
[SourceDate "2011.11.20"]
[WhiteTeam "Clichy"]
[BlackTeam "Lisieux"]

1. e4 c5 2. Nf3 e6 3. d4 cxd4 4. Nxd4 Nc6 5. Nc3 Qc7 6. Nb3 a6 7. Bd3 Nf6 8.
O-O b5 9. f4 d6 10. Qf3 Bb7 11. Bd2 Be7 12. Rae1 Na5 13. Kh1 Nc4 14. Bxc4 bxc4
15. Nd4 h5 16. Qg3 Qb6 17. Be3 Qxb2 18. Rb1 Qxc3 19. Rxb7 Ng4 20. Nc6 Qxe3 21.
Rxe7+ Kf8 22. Qxe3 Nxe3 23. Rb1 Rc8 24. Ra7 g6 25. Nd4 e5 26. fxe5 dxe5 27. Nf3
Nxc2 28. Rbb7 Rh7 29. Nxe5 Rg7 30. Nxc4 Na3 31. Rc7 Rd8 32. h3 Nb5 33. Rd7 Rxd7
34. Rxd7 f6 35. Rd8+ Ke7 36. Ra8 Nc7 37. Ra7 Kd8 38. e5 fxe5 39. Nxe5 Kc8 40.
Kg1 g5 41. Nc6 Rd7 42. Kh2 Rd6 43. Na5 Rd5 44. Nc6 Rc5 45. Nb4 Ra5 46. Kg1 Ra4
47. Nc6 Rc4 48. Na5 Rc1+ 49. Kh2 Rc5 50. Nb3 Rc2 51. Na5 Rxa2 52. Nc6 Rb2 53.
Ne7+ Kd8 54. Nc6+ Kd7 55. Ne5+ Kc8 56. Nc6 Rb6 57. Ne7+ Kb8 58. Rxc7 Kxc7 59.
Nd5+ Kc6 60. Nxb6 Kxb6 61. h4 g4 62. Kg3 a5 63. Kf4 a4 64. g3 a3 65. Kg5 a2 66.
Kxh5 a1=Q 67. Kxg4 Qg7+ 68. Kf4 Qf6+ 0-1

[Event "Nationale I"]
[Site "Clichy"]
[Date "2012.01.15"]
[Round "7.8"]
[White "Rodon, Gurvan"]
[Black "Bonvalot, Isabelle"]
[Result "1/2-1/2"]
[WhiteElo "2009"]
[BlackElo "1896"]
[PlyCount "107"]
[EventDate "2012.01.15"]
[EventType "match"]
[EventCountry "FRA"]
[SourceDate "2011.11.20"]
[WhiteTeam "Lisieux"]
[BlackTeam "Clichy"]

1. d4 f5 2. c4 Nf6 3. g3 g6 4. Bg2 Bg7 5. Nf3 d6 6. O-O O-O 7. Nc3 c6 8. b3
Nbd7 9. Ba3 h6 10. Nh4 Qe8 11. e4 fxe4 12. Nxe4 Nh7 13. Rc1 g5 14. Nf3 Ndf6 15.
Nfd2 Bg4 16. f3 Bf5 17. Nxf6+ Nxf6 18. Ne4 Qg6 19. Re1 Rf7 20. Qd2 Raf8 21. Nf2
h5 22. Re2 Nh7 23. Rce1 Bf6 24. Ne4 Bxe4 25. Rxe4 g4 26. f4 h4 27. R4e2 Qg7 28.
Bb2 Kh8 29. b4 Rd8 30. d5 c5 31. bxc5 dxc5 32. Be5 b6 33. a4 Nf8 34. Qc3 Nd7
35. a5 Nxe5 36. fxe5 Bg5 37. axb6 axb6 38. Re4 h3 39. Bf1 Rf3 40. Qb2 Rdf8 41.
Qxb6 Rxf1+ 42. Rxf1 Rxf1+ 43. Kxf1 Qf7+ 44. Ke1 Qf3 45. Rf4 Qh1+ 46. Ke2 Qg2+
47. Kd3 Bxf4 48. Qd8+ Kg7 49. Qxe7+ Kg8 50. Qe8+ Kg7 51. Qe7+ Kg8 52. Qe8+ Kg7
53. Qe7+ Kg8 54. Qe8+ 1/2-1/2

[Event "Nationale I"]
[Site "Migné Auxances"]
[Date "2012.01.14"]
[Round "6.1"]
[White "Lubczynski, Rafal"]
[Black "Velikov, Petar"]
[Result "1/2-1/2"]
[WhiteElo "2415"]
[BlackElo "2420"]
[PlyCount "116"]
[EventDate "2012.01.15"]
[EventType "match"]
[EventCountry "FRA"]
[SourceDate "2011.11.20"]
[WhiteTeam "Sautron"]
[BlackTeam "Migné Auxences"]

1. d4 d5 2. c4 dxc4 3. Nc3 a6 4. a4 Nc6 5. Nf3 Nf6 6. e4 Bg4 7. Be3 e5 8. d5
Na5 9. h3 Bxf3 10. Qxf3 Bd6 11. Qg3 O-O 12. Bg5 Bb4 13. Bh6 Ne8 14. Rd1 Qd6 15.
Bd2 Nf6 16. Be2 Nb3 17. Bh6 Nh5 18. Bxh5 Qxh6 19. Be2 Nc5 20. O-O Qd6 21. Bxc4
Bxc3 22. Qxc3 Nxe4 23. Qc2 Nf6 24. Qb3 Rab8 25. Rfe1 Rfe8 26. Qc3 e4 27. b4 Re5
28. Bb3 h5 29. Qc4 Rbe8 30. Re3 g6 31. Rd4 Rd8 32. b5 axb5 33. axb5 Ra8 34. Rd1
h4 35. Rc1 Re7 36. Qd4 Ra3 37. Qb2 Ra5 38. Bc4 Qe5 39. Qb4 Ra1 40. Rxa1 Qxa1+
41. Re1 Qe5 42. b6 cxb6 43. Qxb6 Ne8 44. Bb3 Nd6 45. Bc2 Re8 46. Qb4 Rc8 47.
Bxe4 Rc4 48. Bf3 Rxb4 49. Rxe5 Kf8 50. Kf1 b5 51. Ke1 Nc4 52. Re4 Rb1+ 53. Ke2
g5 54. Kd3 Rc1 55. Ke2 b4 56. d6 Nxd6 57. Rxb4 Rc3 58. Rd4 Nb5 1/2-1/2

[Event "Nationale I"]
[Site "Migné Auxances"]
[Date "2012.01.14"]
[Round "6.2"]
[White "Inkiov, Ventzislav"]
[Black "Tripoteau, Nicolas"]
[Result "1/2-1/2"]
[WhiteElo "2463"]
[BlackElo "2379"]
[PlyCount "117"]
[EventDate "2012.01.15"]
[EventType "match"]
[EventCountry "FRA"]
[SourceDate "2011.11.20"]
[WhiteTeam "Migné Auxences"]
[BlackTeam "Sautron"]

1. d4 Nf6 2. c4 c5 3. d5 b5 4. Nf3 Bb7 5. a4 Qa5+ 6. Bd2 b4 7. Qc2 d6 8. e4
Nbd7 9. Bd3 h6 10. O-O g5 11. Bc1 Bg7 12. Nbd2 O-O-O 13. Re1 Ng4 14. Nf1 Nge5
15. Nxe5 Nxe5 16. Be2 Rdg8 17. Ng3 g4 18. Nf5 Bf8 19. Bf4 e6 20. Bxe5 dxe5 21.
Ne3 h5 22. Red1 Bh6 23. Rd3 Rd8 24. Rad1 Qc7 25. R1d2 f5 26. dxe6 Bxe3 27. Rxe3
f4 28. Rxd8+ Rxd8 29. Rd3 Rd4 30. Rxd4 exd4 31. Bd3 Qe5 32. Qd2 h4 33. g3 hxg3
34. hxg3 fxg3 35. Qh6 gxf2+ 36. Kxf2 Kc7 37. Qh7+ Kb6 38. a5+ Kxa5 39. Ke2 Kb6
40. Qd7 Bc6 41. Qd8+ Qc7 42. e7 a5 43. Kd1 a4 44. Qg8 g3 45. Qh7 Qd7 46. Qg6
Qxe7 47. Qxg3 Bxe4 48. Bxe4 Qxe4 49. Qb8+ Qb7 50. Qd8+ Qc7 51. Qf6+ Ka5 52. Qe6
Qh7 53. Qd5 Kb6 54. Qd6+ Kb7 55. Qd5+ Kb8 56. Qd8+ Kb7 57. Qd5+ Kb8 58. Qd8+
Kb7 59. Qd5+ 1/2-1/2

[Event "Nationale I"]
[Site "Migné Auxances"]
[Date "2012.01.14"]
[Round "6.3"]
[White "Barbot, Pierre"]
[Black "Picard, Romain"]
[Result "1/2-1/2"]
[WhiteElo "2273"]
[BlackElo "2354"]
[PlyCount "89"]
[EventDate "2012.01.15"]
[EventType "match"]
[EventCountry "FRA"]
[SourceDate "2011.11.20"]
[WhiteTeam "Sautron"]
[BlackTeam "Migné Auxences"]

1. e4 e5 2. d4 exd4 3. Nf3 d6 4. Nxd4 Nf6 5. Nc3 Be7 6. Bf4 O-O 7. Qd2 d5 8.
O-O-O Bb4 9. Ndb5 c6 10. Nc7 Nxe4 11. Qe3 Nxc3 12. bxc3 Ba3+ 13. Kb1 Na6 14.
Bxa6 bxa6 15. Nxa8 Qa5 16. Ka1 Be6 17. c4 Rxa8 18. Be5 dxc4 19. Qg3 Bf8 20. Bc3
Qa4 21. Rd2 Bf5 22. Rc1 h6 23. h4 Bg6 24. f4 Bf5 25. h5 Rb8 26. Rb1 Re8 27.
Rbd1 Bxc2 28. Re1 Rxe1+ 29. Qxe1 Bd3 30. Rb2 Kh7 31. Rb7 Kg8 32. Rb8 a5 33. Be5
Qa3 34. Bb2 Qc5 35. Bc3 f6 36. Rd8 Kh7 37. Bd4 Qa3 38. Bb2 Qc5 39. Bd4 Qa3 40.
Bb2 Qb4 41. Bc3 Qa3 42. Bb2 Qc5 43. Bd4 Qa3 44. Bb2 Qc5 45. Bd4 1/2-1/2

[Event "Nationale I"]
[Site "Migné Auxances"]
[Date "2012.01.14"]
[Round "6.4"]
[White "Bedouin, Xavier"]
[Black "Stephan, Victor"]
[Result "1-0"]
[WhiteElo "2401"]
[BlackElo "2305"]
[PlyCount "107"]
[EventDate "2012.01.15"]
[EventType "match"]
[EventCountry "FRA"]
[SourceDate "2011.11.20"]
[WhiteTeam "Migné Auxences"]
[BlackTeam "Sautron"]

1. d4 Nf6 2. c4 e6 3. g3 d5 4. Nf3 dxc4 5. Bg2 a6 6. O-O Nc6 7. Nc3 Rb8 8. e4
Be7 9. Qe2 b5 10. d5 exd5 11. e5 O-O 12. Rd1 Nb4 13. exf6 Bxf6 14. Bf4 Bg4 15.
h3 Bh5 16. a3 Nd3 17. Rxd3 cxd3 18. Qxd3 Bg6 19. Qxd5 Qxd5 20. Nxd5 Bxb2 21.
Ra2 Bf6 22. Bxc7 Rbc8 23. Nxf6+ gxf6 24. Ba5 Rc1+ 25. Kh2 Rfc8 26. Nd4 R1c4 27.
Bb6 Rb8 28. Ba7 Rd8 29. Nc6 Rd7 30. Be3 Be4 31. Bxe4 Rxe4 32. Nb4 a5 33. Nc2
Rd3 34. Rb2 Rc4 35. Kg2 Rdc3 36. Nd4 b4 37. axb4 axb4 38. Kf1 Rd3 39. Nc2 Rcc3
40. Nd4 Rc4 41. Nf5 Kf8 42. Rxb4 Rxb4 43. Bc5+ Ke8 44. Bxb4 Kd7 45. Kg2 Ke6 46.
g4 Ke5 47. Ng3 Rb3 48. Bd2 Rd3 49. Bh6 Ke6 50. Bg7 Ra3 51. Nh5 Ra5 52. Nxf6 Rg5
53. Nh5 f5 54. Bh6 1-0

[Event "Nationale I"]
[Site "Migné Auxances"]
[Date "2012.01.14"]
[Round "6.5"]
[White "Delorme, Alban"]
[Black "Saada, Julien"]
[Result "1/2-1/2"]
[WhiteElo "2269"]
[BlackElo "2326"]
[PlyCount "52"]
[EventDate "2012.01.15"]
[EventType "match"]
[EventCountry "FRA"]
[SourceDate "2011.11.20"]
[WhiteTeam "Sautron"]
[BlackTeam "Migné Auxences"]

1. d4 d5 2. Nf3 Nf6 3. e3 c6 4. Bd3 Bg4 5. b3 Nbd7 6. Bb2 Qa5+ 7. Nbd2 Ne4 8.
O-O Nxd2 9. Qxd2 Qxd2 10. Nxd2 e6 11. e4 Be7 $11 12. f4 dxe4 13. Nxe4 Bf5 14.
Rad1 O-O 15. Ng3 Bxd3 16. Rxd3 g6 17. Re1 Rfe8 18. c4 Rad8 19. Rde3 Nf6 20. Bc3
Ng4 21. Re4 Nh6 22. R4e3 Bf6 23. Ne4 Bg7 24. Rd3 Nf5 25. Red1 h5 26. g3 b6 $11
1/2-1/2

[Event "Nationale I"]
[Site "Migné Auxances"]
[Date "2012.01.14"]
[Round "6.6"]
[White "Tranchant, Sebastien"]
[Black "Sorin, Baptiste"]
[Result "1/2-1/2"]
[WhiteElo "2216"]
[BlackElo "2194"]
[PlyCount "110"]
[EventDate "2012.01.15"]
[EventType "match"]
[EventCountry "FRA"]
[SourceDate "2011.11.20"]
[WhiteTeam "Migné Auxences"]
[BlackTeam "Sautron"]

1. e4 c5 2. Nf3 d6 3. Bb5+ Bd7 4. Bxd7+ Qxd7 5. O-O Nc6 6. Qe2 Nf6 7. Rd1 g6 8.
c3 Bg7 9. d4 cxd4 10. cxd4 d5 11. e5 Ne4 12. Ne1 f6 13. f3 Ng5 14. Bxg5 fxg5
15. Nc2 O-O 16. Nc3 Rac8 17. Ne3 e6 18. Qd2 Rf4 19. Ne2 Rf7 20. Rac1 Qd8 21. h3
Qb6 22. Ng4 h5 23. Nf6+ Bxf6 24. exf6 Rxf6 25. Qxg5 Rcf8 26. b3 Kh7 27. Kh1 Qa5
28. Rc2 Qb4 29. Qe3 Qd6 30. Rc5 Rf5 31. Rdc1 e5 32. Ng3 R5f7 33. dxe5 Nxe5 34.
Qg5 Rd7 35. Rc8 Nd3 36. R1c2 Rxc8 37. Rxc8 Qf4 38. Qxf4 Nxf4 39. Rc2 Kg7 40.
Kg1 Kf6 41. Ne2 Ne6 42. Kf2 Ke5 43. Ke3 d4+ 44. Kd3 Nf4+ 45. Nxf4 Kxf4 46. Rc5
b6 47. Rb5 Rd6 48. h4 Kg3 49. Rg5+ Kxh4 50. f4 Rf6 51. Ke4 d3 52. g3+ Kh3 53.
Kxd3 Re6 54. Kd2 a6 55. Kd3 Rf6 $11 1/2-1/2

[Event "Nationale I"]
[Site "Migné Auxances"]
[Date "2012.01.14"]
[Round "6.7"]
[White "Gallant, Aurelien"]
[Black "Picard, Clement"]
[Result "0-1"]
[WhiteElo "2033"]
[BlackElo "2190"]
[PlyCount "94"]
[EventDate "2012.01.15"]
[EventType "match"]
[EventCountry "FRA"]
[SourceDate "2011.11.20"]
[WhiteTeam "Sautron"]
[BlackTeam "Migné Auxences"]

1. e4 e6 2. d4 d5 3. Nc3 Nc6 4. Bb5 Nf6 5. exd5 exd5 6. Nge2 a6 7. Bd3 Nb4 8.
O-O Be7 9. Ng3 Nxd3 10. Qxd3 O-O 11. Re1 c6 12. Bg5 b5 13. Nh5 Be6 14. Nf4 Bc8
15. Nh5 Be6 16. Nf4 Bc8 17. Qg3 Bf5 18. h4 Ra7 19. Re5 Bxc2 20. Rae1 Kh8 21.
R1e2 Be4 22. f3 b4 23. fxe4 bxc3 24. exd5 cxb2 25. Rxb2 Nxd5 26. Bxe7 Rxe7 27.
Nxd5 Rxe5 28. Qxe5 cxd5 29. Rf2 Re8 30. Qf4 f6 31. Rb2 Qd7 32. Qg3 Kg8 33. h5
h6 34. Rf2 Qf7 35. Rf5 Qe6 36. Qf2 Kf7 37. Kh2 Qd6+ 38. Kh3 Re4 39. Rf3 Qe6+
40. Kh2 Qg4 41. Qg3 Qxh5+ 42. Kg1 Qh4 43. Qc7+ Ke8 44. Qc5 Qg5 45. Qd6 Re1+ 46.
Kh2 Qh4+ 47. Rh3 Qxd4 0-1

[Event "Nationale I"]
[Site "Migné Auxances"]
[Date "2012.01.14"]
[Round "6.8"]
[White "Boulan, Laura"]
[Black "Dubois, Marie"]
[Result "0-1"]
[WhiteElo "2039"]
[BlackElo "1787"]
[PlyCount "180"]
[EventDate "2012.01.15"]
[EventType "match"]
[EventCountry "FRA"]
[SourceDate "2011.11.20"]
[WhiteTeam "Migné Auxences"]
[BlackTeam "Sautron"]

1. e4 c5 2. d3 d6 3. f4 Nc6 4. Nf3 e6 5. Be2 g6 6. O-O Bg7 7. c3 Nge7 8. a4 a6
9. Na3 Rb8 10. Be3 b5 11. axb5 axb5 12. d4 c4 13. d5 exd5 14. exd5 Na5 15. Nc2
Nb3 16. Ra3 O-O 17. Nb4 Bb7 18. Nd2 Nc5 19. Bf3 Nf5 20. Bf2 Re8 21. Re1 Rxe1+
22. Qxe1 h5 23. Ra7 Bh6 24. g3 Qc8 25. Ne4 Nxe4 26. Qxe4 Ra8 27. Nc6 Rxa7 28.
Nxa7 Qd7 29. Nc6 Bf8 30. Kg2 Ne7 31. Nb4 Bc8 32. Kg1 Qb7 33. Qe3 Bf5 34. Qb6
Qxb6 35. Bxb6 Kh7 36. Kf2 Ng8 37. Nc6 Nf6 38. Nd8 Kg8 39. Nb7 Bg4 40. Bg2 Bf5
41. Bc7 Ne8 42. Bd8 Bg7 43. Ke3 Kf8 44. Be4 Bc8 45. Na5 Nf6 46. Bg2 Ke8 47. Nc6
$11 Bf5 48. Ba5 Ng4+ 49. Ke2 Nxh2 50. Bb4 Kd7 51. Na7 Bd3+ 52. Ke1 Ng4 53. Nxb5
Bf8 54. Kd2 Nf2 55. Na3 Be7 56. Ke1 Ng4 57. Bh3 f5 58. Kd2 Nf2 59. Bg2 h4 60.
gxh4 Bxh4 61. Nb5 Be7 62. Bf3 Nh3 63. Ke3 Ng1 64. Bg2 g5 65. Kf2 Ne2 66. fxg5
Nf4 67. Bh1 Nh3+ 68. Ke1 Nxg5 69. Kd2 Ne4+ 70. Ke3 Bg5+ 71. Kf3 Be7 72. Nd4 Nf6
73. Kf4 $11 Nh5+ 74. Ke3 Bg5+ 75. Kf2 Bh4+ 76. Ke3 f4+ 77. Kd2 Bf2 78. Bf3 Be3+
79. Kd1 Nf6 80. Nb5 Ne4 81. Bg4+ Ke7 82. Bf3 Nd2 83. Bxd6+ Kf6 84. Be2 f3 85.
Bxd3 cxd3 86. Bg3 Ne4 87. Bh4+ Ke5 88. c4 f2 89. Bxf2 Nxf2+ 90. Ke1 d2+ 0-1

[Event "Nationale I"]
[Site "Migné Auxances"]
[Date "2012.01.14"]
[Round "6.1"]
[White "Seret, Jean Luc"]
[Black "Jolly, Jean Francois"]
[Result "1/2-1/2"]
[WhiteElo "2385"]
[BlackElo "2412"]
[PlyCount "107"]
[EventDate "2012.01.15"]
[EventType "match"]
[EventCountry "FRA"]
[SourceDate "2011.11.20"]
[WhiteTeam "Echiquier Bordelais"]
[BlackTeam "Migné Auxences"]

1. e4 e5 2. Nf3 Nc6 3. Be2 Nf6 4. d3 Bc5 5. Be3 Bxe3 6. fxe3 d5 7. exd5 Nxd5 8.
Qd2 O-O 9. O-O f5 10. c4 Nf6 11. Nc3 a5 12. Rad1 h6 13. d4 e4 14. Ne5 Qe8 15.
Nb5 Qd8 16. Ng6 Re8 17. d5 Ne5 18. Nxe5 Rxe5 19. Qc3 Qe7 20. d6 cxd6 21. Nxd6
Rc5 22. a3 a4 23. Qb4 Qe5 24. Qb6 Bd7 25. Nxb7 Rc6 26. Qd4 Qxd4 27. Rxd4 $11
Rb8 28. Nd6 Rxb2 29. Bd1 Rc5 30. Nb5 Bxb5 31. cxb5 Rcxb5 32. Bxa4 Ra5 33. h3
Kh7 34. Rf2 Rb1+ 35. Rf1 Rb2 36. Rf2 Rb1+ 37. Rf1 Rb7 38. Bc2 Rc7 39. Bb3 Kg6
40. Be6 Rc6 41. Bd7 Nxd7 42. Rxd7 Rxa3 43. Rd5 Rxe3 44. Rdxf5 Re2 45. R5f2 Rxf2
46. Rxf2 e3 47. Re2 Re6 48. Kf1 Kf5 49. Ra2 Kf4 50. Ra7 e2+ 51. Ke1 g5 52. Ra3
Re3 53. Ra6 h5 54. Ra5 1/2-1/2